| 000 | 00420nam a2200169Ia 4500 | ||
|---|---|---|---|
| 008 | 221030s9999 xx 000 0 und d | ||
| 020 | _a8173192103 | ||
| 041 | _aEnglish | ||
| 082 | _a105.23 | ||
| 100 | _aA. M. Chandra | ||
| 245 | 0 |
_aEngineering Graphics _cby A. M. Chandra, B. Chandra |
|
| 260 |
_bNarosa Pub House _aNew Delhi _c1999 |
||
| 300 | _a371 | ||
| 650 | _aMechanical | ||
| 700 | _aB. Chandra | ||
| 942 | _cBK | ||
| 999 |
_c6542 _d6542 |
||